| 000 | 00703cam a2200157 4500500 | ||
|---|---|---|---|
| 005 | 20260405001503.0 | ||
| 041 | _afre | ||
| 042 | _adc | ||
| 100 | 1 | 0 |
_aKorchane, Faker _eauthor |
| 245 | 0 | 0 | _aFrancesco Piraino Le soufisme en Europe Islam, ésotérisme et New Age. Karthala, 2023, 408 pages, 35 €. |
| 260 | _c2026. | ||
| 500 | _a81 | ||
| 520 | _aLouise Nevelson transforme rebuts et fragments en visions monumentales. À Metz, une exposition révèle l’univers onirique et dansant de cette artiste majeure du XXe siècle. | ||
| 786 | 0 | _nÉtudes | - | 4 | 2026-03-31 | p. 143-143 | 0014-1941 | |
| 856 | 4 | 1 | _uhttps://shs.cairn.info/revue-etudes-2026-4-page-143?lang=fr&redirect-ssocas=7080 |
| 999 |
_c2048185 _d2048185 |
||